Fuzzy logic with engineering applications / (Record no. 189264)

000 -LEADER
fixed length control field 01311 a2200229 4500
003 - CONTROL NUMBER IDENTIFIER
control field Nust
005 - DATE AND TIME OF LATEST TRANSACTION
control field 20221018104327.0
010 ## - LIBRARY OF CONGRESS CONTROL NUMBER
LC control number 2009033736
020 ## - INTERNATIONAL STANDARD BOOK NUMBER
International Standard Book Number 9780470743768 (cloth)
035 ## - SYSTEM CONTROL NUMBER
System control number (OCoLC)ocn430736639
040 ## - CATALOGING SOURCE
Transcribing agency Nust
082 00 - DEWEY DECIMAL CLASSIFICATION NUMBER
Classification number 620.00151,ROS
100 1# - MAIN ENTRY--PERSONAL NAME
Personal name Ross, Timothy J.
9 (RLIN) 8632
245 10 - TITLE STATEMENT
Title Fuzzy logic with engineering applications /
Statement of responsibility, etc. Timothy J. Ross.
250 ## - EDITION STATEMENT
Edition statement 3rd ed.
260 ## - PUBLICATION, DISTRIBUTION, ETC.
Place of publication, distribution, etc. Chichester, U.K. :
Name of publisher, distributor, etc. John Wiley,
Date of publication, distribution, etc. 2010.
300 ## - PHYSICAL DESCRIPTION
Extent xxi, 585 p. :
Other physical details ill. ;
Dimensions 25 cm.
505 ## - FORMATTED CONTENTS NOTE
Formatted contents note Introduction (Page-1), Classical Sets and Fuzzy Sets (Page-25), Classical Relations and Fuzzy Relations (Page-48), Properties of Membership Functions, Fuzzification, and Defuzzification (Page-89), Logic and Fuzzy Systems (Page-117), Development of Membership Functions (Page-174), Automated Methods for Fuzzy Systems (Page-211), Fuzzy Systems Simulation (Page-245), Decision Making with Fuzzy Information (Page-276), Fuzzy Classification (Page-332), Fuzzy Pattern Recognition (Page-369), Fuzzy Arithmetic and the Extension Principle (Page-408), Fuzzy Control Systems (Page-437), Miscellaneous Topics (Page-501), Monotone Measures: Belief, Plausibility, Probability, and Possibility (Page-530).
650 #0 - SUBJECT ADDED ENTRY--TOPICAL TERM
Topical term or geographic name entry element Engineering mathematics.
650 #0 - SUBJECT ADDED ENTRY--TOPICAL TERM
Topical term or geographic name entry element Fuzzy logic.
9 (RLIN) 60142
942 ## - ADDED ENTRY ELEMENTS (KOHA)
Source of classification or shelving scheme
Koha item type Book
Holdings
Withdrawn status Lost status Source of classification or shelving scheme Damaged status Not for loan Permanent Location Current Location Shelving location Date acquired Full call number Barcode Date last seen Price effective from Koha item type Public note
          Military College of Signals (MCS) Military College of Signals (MCS) General Stacks 12/12/2016 620.00151,ROS MCS35046 12/08/2016 12/12/2016 Book Almirah No.26, Shelf No.5
© 2023 Central Library, National University of Sciences and Technology. All Rights Reserved.